Procesos y bloques políticos en la crísis chilena 1970-1973 /

Kaydedildi:
Detaylı Bibliyografya
Yazar: Garretón A, Manuel A
Diğer Yazarlar: Moulian, Tomás
Materyal Türü: Metin
Konular:
Etiketler: Etiketle
Etiket eklenmemiş, İlk siz ekleyin!

MARC

LEADER 00000 a a2200000 04500
001 44253
003
040
100 |a Garretón A, Manuel A  
245 |a Procesos y bloques políticos en la crísis chilena 1970-1973 /  |c Manuel A Garretón ; Tomás Moulian 
650 |a POLITICA  
650 |a CHILE  
650 |a CONFLICTOS POLITICOS  
650 |a DOCTRINAS POLITICAS  
700 |a Moulian, Tomás  
773 |g volumen41, número1 ( , 1979), Páginas 159-204  
999 |c 37642  |d 37642